LEADER 01589nam0 22003253i 450 001 SUN0083431 005 20180206103211.84 010 $a01-308-1908-5 100 $a20110419d2002 |0engc50 ba 101 $aeng 102 $aUS 105 $a|||| ||||| 200 1 $aBioprocess engineering$ebasic concepts$fMichael L. Shuler, Fikret Kargi 205 $a2. ed 210 $aUpper Saddle River$cPrentice Hall$d2002 215 $aXX, 553 p.$cill.$d24 cm. 410 1$1001SUN0019805$12001 $aPrentice Hall international series in the physical and chemical engineering sciences$1210 $aEnglewood Cliffs$cPrentice Hall. 620 $dUpper saddle river$3SUNL000063 676 $a660$cIngegneria chimica e tecnologie connesse$v22 700 1$aShuler$b, Michael L.$3SUNV068920$021593 701 1$aKargi$b, Fikret$3SUNV068921$021594 712 $aPrentice Hall$3SUNV004161$4650 790 1$aShuler, M. L.$zShuler, Michael L.$3SUNV102223 801 $aIT$bSOL$c20200622$gRICA 856 4 $u/sebina/repository/catalogazione/immagini/Copertina 83431.jpg 912 $aSUN0083431 950 $aUFFICIO DI BIBLIOTECA DEL DIPARTIMENTO DI SCIENZE E TECNOLOGIE AMBIENTALI BIOLOGICHE E FARMACEUTICHE$d17PREST Nc13 $e17FSA1950 20110831 $sBuono 950 $aUFFICIO DI BIBLIOTECA DEL DIPARTIMENTO DI SCIENZE E TECNOLOGIE AMBIENTALI BIOLOGICHE E FARMACEUTICHE$d17CONS Nc14 $e17FSA1951 20110419 $sBuono 996 $aBioprocess engineering$9979209 997 $aUNICAMPANIA LEADER 01891oam 2200493M 450 001 9910716110003321 005 20200213070940.9 035 $a(CKB)5470000002519019 035 $a(OCoLC)1065619370 035 $a(OCoLC)995470000002519019 035 $a(EXLCZ)995470000002519019 100 $a20071213d1926 ua 0 101 0 $aeng 135 $aurcn||||||||| 181 $ctxt$2rdacontent 182 $cc$2rdamedia 183 $acr$2rdacarrier 200 10$aTo amend section 1112 of the Code of Law for the District of Columbia. May 14, 1926. -- Committed to the Committee of the Whole House on the State of the Union and ordered to be printed 210 1$a[Washington, D.C.] :$c[U.S. Government Printing Office],$d1926. 215 $a1 online resource (1 pages) 225 1 $aHouse report / 69th Congress, 1st session. House ;$vno. 1207 225 1 $a[United States congressional serial set] ;$v[serial no. 8534] 300 $aBatch processed record: Metadata reviewed, not verified. Some fields updated by batch processes. 300 $aFDLP item number not assigned. 606 $aLawyers$xFees 606 $aCosts (Law) 606 $aLegislative amendments 606 $aCourt marshals 606 $aMarshals$zUnited States 608 $aLegislative materials.$2lcgft 615 0$aLawyers$xFees. 615 0$aCosts (Law) 615 0$aLegislative amendments. 615 0$aCourt marshals. 615 0$aMarshals 701 $aGraham$b George Scott$f1850-1931.$pRepublican (PA)$01386798 801 0$bWYU 801 1$bWYU 801 2$bOCLCO 801 2$bOCLCQ 906 $aBOOK 912 $a9910716110003321 996 $aTo amend section 1112 of the Code of Law for the District of Columbia. May 14, 1926. -- Committed to the Committee of the Whole House on the State of the Union and ordered to be printed$93532274 997 $aUNINA